Residential rebound (Record no. 75830)
[ view plain ]
| 000 -LEADER | |
|---|---|
| fixed length control field | 00827cab a2200169 4500 |
| 001 - CONTROL NUMBER | |
| control field | L130846 |
| 008 - FIXED-LENGTH DATA ELEMENTS--GENERAL INFORMATION | |
| fixed length control field | 050906n2005 000 0 eng u |
| 035 ## - SYSTEM CONTROL NUMBER | |
| System control number | (Sirsi) u130846 |
| 041 0# - LANGUAGE CODE | |
| Language code of text/sound track or separate title | eng |
| 100 1# - MAIN ENTRY--PERSONAL NAME | |
| Personal name | Chapman, Parke |
| 245 00 - TITLE STATEMENT | |
| Title | Residential rebound |
| 260 ## - PUBLICATION, DISTRIBUTION, ETC. | |
| Date of publication, distribution, etc. | 2005 |
| 490 00 - SERIES STATEMENT | |
| Series statement | National Real Estate Investor |
| Volume/sequential designation | 47(8) August 2005, 30-33(4) |
| 520 ## - SUMMARY, ETC. | |
| Summary, etc. | Discusses the resurgence of the residential market in downtown Manhattan following 9/11. There is a projected rise in the residential population at the expense of commercial tenants. This change was already happening, but the events of 9/11 have sped things up. Includes table of key facts about the New York market, including vacancy rates. Also mentions retail in the area. |
| 690 ## - LOCAL SUBJECT ADDED ENTRY--TOPICAL TERM (OCLC, RLIN) | |
| Topical term or geographic name as entry element | PROPERTY-RESIDENTIAL PROPERTY-RESIDENTIAL PROPERTY MARKET |
| 942 ## - ADDED ENTRY ELEMENTS (KOHA) | |
| Suppress in OPAC | 0 |
| Withdrawn status | Lost status | Source of classification or shelving scheme | Damaged status | Not for loan | Home library | Current library | Shelving location | Date acquired | Total Checkouts | Full call number | Barcode | Date last seen | Copy number | Price effective from | Koha item type |
|---|---|---|---|---|---|---|---|---|---|---|---|---|---|---|---|
| Dewey Decimal Classification | London | London | Journal article | 06/09/2005 | L130846 | 130846-1001 | 06/08/2019 | 1 | 06/08/2019 | Journal article |